Design of bridges / (Record no. 547312)

000 -LEADER
fixed length control field 00450nam a22001577a 4500
020 ## - INTERNATIONAL STANDARD BOOK NUMBER
International Standard Book Number 8120412575
082 ## - DEWEY DECIMAL CLASSIFICATION NUMBER
Classification number 624.25
Author Mark RAJ
-- NUST, P-35
100 ## - MAIN ENTRY--PERSONAL NAME
Personal name Raju, N.Krishna
9 (RLIN) 18310
245 ## - TITLE STATEMENT
Title Design of bridges /
Statement of responsibility, etc. N.Krishna Raju
250 ## - EDITION STATEMENT
Edition statement 3rd ed.
260 ## - PUBLICATION, DISTRIBUTION, ETC.
Place of publication, distribution, etc. New Delhi :
Name of publisher, distributor, etc. Oxford & IBH Pulishing Company Private Limited,
Date of publication, distribution, etc. 1998.
300 ## - PHYSICAL DESCRIPTION
Extent xv, 448 p. :
526 ## - STUDY PROGRAM INFORMATION NOTE
Program name 0
Interest level 0
Reading level 0
Title point value 624_250000000000000_RAJ
650 ## - SUBJECT ADDED ENTRY--TOPICAL TERM
Topical term or geographic name entry element MCE
9 (RLIN) 379
942 ## - ADDED ENTRY ELEMENTS (KOHA)
Source of classification or shelving scheme
Koha item type Book
Holdings
Withdrawn status Lost status Source of classification or shelving scheme Damaged status Not for loan Permanent Location Current Location Date acquired Total Checkouts Full call number Barcode Date last seen Date last checked out Price effective from Koha item type
          Military College of Engineering (MCE) Military College of Engineering (MCE) 07/08/2014 1 624.25 RAJ MCE-51951 10/02/2017 10/02/2017 07/08/2014 Book
© 2023 Central Library, National University of Sciences and Technology. All Rights Reserved.